| 000 | 00689nam a2200181 a 4500 | ||
|---|---|---|---|
| 003 | 0 | ||
| 005 | 20250210105003.0 | ||
| 008 | 130129s19uu xx 00 eng d | ||
| 050 |
_aPHS TL 553.5 _b.C143 2012 |
||
| 100 | _aCalansingin, Dennis Jophiel O. | ||
| 245 |
_aLength of service and social interaction skills of airline pilots / _cDennis Jophiel O. Calansingin. |
||
| 260 |
_aLas PiƱas City, Philippines : _bSouthville International School and Colleges, _c2012. |
||
| 300 |
_a49 pages : _billustrations ; _c28 cm. |
||
| 504 | _aIncludes bibliographical references. | ||
| 650 |
_aAir pilots _xSocial aspects _xAnalysis. |
||
| 650 |
_aInterpersonal skills _xAnalysis. |
||
| 942 |
_2lcc _cPASS |
||
| 999 |
_c98884 _d98884 |
||